[Event "Bad Soden U14 op"]
[Site "Bad Soden"]
[Date "2019.10.06"]
[Round "9"]
[White "Yakubjanov, Damin"]
[Black "Weyerer, Noah"]
[Result "0-1"]
[WhiteElo "1259"]
[BlackElo "1362"]
[PlyCount "82"]
[EventDate "2019.10.03"]
[EventType "swiss"]
[EventRounds "9"]
[EventCountry "GER"]
[SourceTitle "CBM 192 Extra"]
[Source "Chessbase"]
[SourceDate "2019.11.06"]
[SourceVersion "1"]
[SourceVersionDate "2019.11.06"]
[SourceQuality "1"]

1. e4 d5 2. exd5 Qxd5 3. Nc3 Qd6 4. d4 Nf6 5. Nf3 c6 6. h3 Bf5 7. Be3 Nbd7 8. Bd3 Bxd3 9. Qxd3 e6 10. 0-0 Qc7 11. Rfe1 Bd6 12. Bg5 h6 13. Bh4 g5 14. Bxg5 hxg5 15. Nxg5 Bf4 16. Rxe6+ Kf8 17. d5 Bxg5 18. Qf5 fxe6 19. dxe6 Qe5 20. e7+ Kxe7 21. Qf3 Qf4 22. Re1+ Kf7 23. Qd3 Rae8 24. Rd1 Nc5 25. Qf1 Ng4 26. g3 Qxf2+ 27. Qxf2+ Nxf2 28. Kxf2 Ne4+ 29. Nxe4 Rxe4 30. Rd7+ Re7 31. Rd1 Rxh3 32. Rf1 Kg7 33. Kg2 Rh6 34. g4 Re2+ 35. Kf3 Rxc2 36. Rb1 Rhh2 37. Ke4 Rxb2 38. Rd1 Rhd2 39. Rf1 Rxa2 40. Rf5 Rd5 41. Rf3 Ra4# 0-1

[Event "Bad Soden U14 op"]
[Site "Bad Soden"]
[Date "2019.10.05"]
[Round "5"]
[White "Haller, Andreas"]
[Black "Yakubjanov, Damin"]
[Result "1-0"]
[WhiteElo "1087"]
[BlackElo "1259"]
[PlyCount "127"]
[EventDate "2019.10.03"]
[EventType "swiss"]
[EventRounds "9"]
[EventCountry "GER"]
[SourceTitle "CBM 192 Extra"]
[Source "Chessbase"]
[SourceDate "2019.11.06"]
[SourceVersion "1"]
[SourceVersionDate "2019.11.06"]
[SourceQuality "1"]

1. e4 e5 2. Nf3 Nc6 3. Bc4 Nf6 4. d4 d6 5. Nc3 Be7 6. d5 Na5 7. Bb5+ c6 8. dxc6 bxc6 9. Ba4 0-0 10. b4 Nc4 11. Bxc6 Rb8 12. a3 Qc7 13. b5 Na5 14. Nd5 Nxd5 15. exd5 Bf6 16. Rb1 Nxc6 17. dxc6 Bg4 18. Qd3 e4 19. Qc4 Bxf3 20. gxf3 exf3 21. Qd5 Rfe8+ 22. Be3 a6 23. Kf1 Re5 24. Qxf3 Rexb5 25. Rxb5 Rxb5 26. Ke2 d5 27. a4 Ra5 28. Rb1 h6 29. Bb6 Qe7+ 30. Qe3 Qxe3+ 31. fxe3 Rxa4 32. c7 Rc4 33. Bc5 Rxc2+ 34. Kd1 Rxc5 35. Rb8+ Kh7 36. c8Q Rxc8 37. Rxc8 a5 38. Rc5 d4 39. e4 a4 40. Ra5 g5 41. Rxa4 Be5 42. h3 Kg6 43. Ra5 f6 44. Ke2 h5 45. Kf3 d3 46. Rd5 d2 47. Rxd2 f5 48. exf5+ Kxf5 49. Rd5 g4+ 50. hxg4+ hxg4+ 51. Ke3 Ke6 52. Ke4 Bc7 53. Rg5 g3 54. Rg6+ Kf7 55. Kf5 Ke8 56. Rg7 Kd8 57. Ke6 Kc8 58. Kd5 Kb7 59. Kc5 Kc8 60. Kc6 Bd8 61. Rxg3 Be7 62. Rg8+ Bd8 63. Rh8 Kb8 64. Rxd8+ 1-0

[Event "Bad Soden U14 op"]
[Site "Bad Soden"]
[Date "2019.10.04"]
[Round "4"]
[White "Yakubjanov, Damin"]
[Black "Mueller, Maurice Pascal"]
[Result "0-1"]
[WhiteElo "1259"]
[BlackElo "1683"]
[PlyCount "74"]
[EventDate "2019.10.03"]
[EventType "swiss"]
[EventRounds "9"]
[EventCountry "GER"]
[SourceTitle "CBM 192 Extra"]
[Source "Chessbase"]
[SourceDate "2019.11.06"]
[SourceVersion "1"]
[SourceVersionDate "2019.11.06"]
[SourceQuality "1"]

1. e4 c5 2. Nf3 Nc6 3. Nc3 g6 4. Bc4 Bg7 5. d3 Nf6 6. 0-0 0-0 7. Bg5 d6 8. Qd2 Bg4 9. Qf4 Bxf3 10. Qxf3 Nd4 11. Qd1 h6 12. Bh4 a6 13. Nd5 g5 14. Bg3 e6 15. Nxf6+ Bxf6 16. c3 b5 17. Bb3 Nxb3 18. axb3 d5 19. Re1 dxe4 20. Rxe4 b4 21. Be5 Bxe5 22. Rxe5 Qd6 23. d4 bxc3 24. bxc3 cxd4 25. cxd4 Rfd8 26. Ra4 Qxe5 27. Qa1 Qg7 28. h3 Rd6 29. Rc4 Rad8 30. Qc1 Rxd4 31. Rc8 Rd1+ 32. Qxd1 Rxc8 33. Qd7 Rc1+ 34. Kh2 Qe5+ 35. g3 Rc2 36. Qd8+ Kg7 37. Qb6 Qc5 0-1